Introducción al estudio de la teoría administrativa / Wilburg Jiménez Castro
Descripción Física:
335 p. ; 24 cm
MARC
| LEADER | 00000nam a2200000Ia 4500 | ||
|---|---|---|---|
| 001 | 199 | ||
| 008 | 160829s1963 xx 000 0 cat d | ||
| 080 | |a M-4-207 | ||
| 100 | |a Jiménez Castro, Wilburg |9 20870 | ||
| 245 | |a Introducción al estudio de la teoría administrativa / Wilburg Jiménez Castro | ||
| 260 | |a México ; Buenos Aires : |b Fondo de Cultura Económica, |c 1963 | ||
| 300 | |a 335 p. ; |c 24 cm | ||
| 590 | |a Notes, referències bibliogràfiques, bibliografia | ||
| 650 | |a Administració |9 20871 | ||
| 650 | 0 | |a Empreses |x Direcció i administració |9 10980 | |
| 901 | |a Arxiu | ||
| 942 | |n 1 | ||
| 952 | |0 0 |1 0 |4 0 |6 M4207 |7 1 |9 41721 |a Arxiu |b Arxiu |d 2016-12-01 |l 0 |o M-4-207 |p 199 |r 2016-12-01 00:00:00 |w 2016-12-01 |y ARXIU | ||
| 999 | |c 43611 |d 43611 | ||